Flaggen nach Buchstaben - S - Statistiken

Allgemein
  • Dieses Quiz wurde 62 mal gespielt
  • Das Durchschnittsergebnis liegt bei 25 aus 28
Antwortstatistiken
Bildquiz Antwort % Korrekt
San Marino
100%
Schweden
100%
Schweiz
100%
Serbien
100%
Slowakei
100%
Slowenien
100%
Südafrika
100%
Südkorea
100%
Saudi-Arabien
98%
Spanien
98%
Sri Lanka
96%
Seychellen
94%
Singapur
94%
Sambia
92%
Senegal
90%
Syrien
88%
Simbabwe
84%
Südsudan
84%
Somalia
82%
Sudan
82%
Samoa
80%
St. Lucia
80%
St. Vincent und die Grenadinen
76%
Suriname
75%
St. Kitts und Nevis
73%
Salomonen
71%
Sao Tomé und Príncipe
71%
Sierra Leone
67%
Keine übereinstimmenden Quizze gefunden
Verteilung der Resultate
Anzahl Personen mit jedem Resultat
Perzentil nach korrekt beantworteten Fragen
Ihre Resultats-Entwicklung
Sie haben dieses Quiz noch nicht gespielt